000 00413nam a2200169Ia 4500
008 230524s9999 xx 000 0 und d
020 _a0074635794
082 _a5.43
_bDHA
100 _aD.M.Dhamdhere
245 0 _aOperating Systems (A Concept-Based Approach)
250 _a2ND
260 _aNEW DELHI
_bTMH
_c2006
300 _aXII;770
500 _aQuantity Number: 4
650 _aComp-Sc
942 _cBK
999 _c36250
_d36250